00864 2200181 4500245007500000020002200075250001100097100002600108700001500134650002000149005001900169260003900188041001400227084001000241300003100251500039100282336000900673 aMajapahit b : Banjir Bandang dari UtaracLangit Kresna HariadihText a978-602-291-480-8 aCet. 1 aLangit Kresna Hariadi aArief Koes aNovel Indonesia a20241216132753 aYogyakartabPenerbit Bentangc2018 aIndonesia a808.8 aviii, 600 hlm. :c23.5 cm. aSingasari hancur dalam semalam. Prabu Kertanegara mangkat dan putri-putrinya terpaksa lari menyelamatkan diri dengan dikawal Raden Wijaya dan Bala Sanggrama. Pada waktu bersamaan, pasukan Kediri beringas menyusuri desa demi desa mengejar para pelarian Singasari. Siapapun yang ketahuan membantu para pelarian tak mungkin luput dari tebasan pedang para prajurit yang dirasuki dendam itu. atext